Making a living : (Record no. 1718)

MARC details
000 -LEADER
fixed length control field 00952nam a2200241 a 4500
003 - CONTROL NUMBER IDENTIFIER
control field BD-DhJNU
005 - DATE AND TIME OF LATEST TRANSACTION
control field 20250519083216.0
008 - FIXED-LENGTH DATA ELEMENTS--GENERAL INFORMATION
fixed length control field 050817s2005 bg ab b 001 0 eng
020 ## - INTERNATIONAL STANDARD BOOK NUMBER
International Standard Book Number 9840517368
040 ## - CATALOGING SOURCE
Original cataloging agency BD-DhJNU
Language of cataloging ENG
Transcribing agency BD-DhJNU
Modifying agency BD-DhJNU
082 00 - DEWEY DECIMAL CLASSIFICATION NUMBER
Classification number 307.1 MAB
Edition number 23
245 00 - TITLE STATEMENT
Title Making a living :
Remainder of title the livelihoods of the rural poor in Bangladesh /
Statement of responsibility, etc. edited by Iqbal Alam Khan and Janet Seeley.
260 ## - PUBLICATION, DISTRIBUTION, ETC.
Place of publication, distribution, etc. Dhaka :
Name of publisher, distributor, etc. University Press,
Date of publication, distribution, etc. 2005.
300 ## - PHYSICAL DESCRIPTION
Extent xxx, 245 p. :
Other physical details ill., map ;
Dimensions 22 cm.
520 ## - SUMMARY, ETC.
Summary, etc. Contributed articles prepared under the Livelihoods of the Extreme Poor Study Project, Bangladesh.
504 ## - BIBLIOGRAPHY, ETC. NOTE
Bibliography, etc. note Includes bibliographical references (p. 221-233) and index.
650 #0 - SUBJECT ADDED ENTRY--TOPICAL TERM
Topical term or geographic name entry element Rural poor
Geographic subdivision Bangladesh
General subdivision Economic conditions.
651 #0 - SUBJECT ADDED ENTRY--GEOGRAPHIC NAME
Geographic name Bangladesh
General subdivision Rural conditions.
700 1# - ADDED ENTRY--PERSONAL NAME
Personal name Khan, Iqbal Alam.
700 1# - ADDED ENTRY--PERSONAL NAME
Personal name Seeley, J. A.
710 2# - ADDED ENTRY--CORPORATE NAME
Corporate name or jurisdiction name as entry element Livelihoods of the Extreme Poor Study (Project : Bangladesh)
942 ## - ADDED ENTRY ELEMENTS (KOHA)
Koha item type Books
Holdings
Withdrawn status Lost status Source of classification or shelving scheme Damaged status Not for loan Collection Home library Current library Shelving location Date acquired Source of acquisition Total checkouts Full call number Barcode Date last seen Copy number Price effective from Koha item type
    Dewey Decimal Classification     Non-fiction Jagannath University Central Library Jagannath University Central Library General stacks 05/19/2025 Purchased   307.1 MAB JNUCL17539 05/19/2025 1 05/19/2025 Books
    Dewey Decimal Classification     Non-fiction Jagannath University Central Library Jagannath University Central Library General stacks 05/19/2025 Purchased   307.1 MAB JNUCL17540 05/19/2025 2 05/19/2025 Books